书目信息 |
| 题名: |
计算机电路基础(第二版)实验与习题解答
|
|
| 作者: | 何超 主编 | |
| 分册: | ||
| 出版信息: | 北京 中国水利水电出版社 2008 |
|
| 页数: | 151页 | |
| 开本: | 26cm | |
| 丛书名: | ||
| 单 册: | ||
| 中图分类: | TP331 | |
| 科图分类: | ||
| 主题词: | 电子计算机--电子电路--高等教育--教学参考资料 | |
| 电子资源: | ||
| ISBN: | 978-7-5084-4975-3 | |
| 000 | 00912nam0 2200241 450- | |
| 001 | 0101520408 | |
| 005 | 20080314140408.0 | |
| 010 | @a978-7-5084-4975-3@dCNY16 | |
| 100 | @a20080109d2008 em y0chiy0120 ea | |
| 101 | 0 | @achi |
| 102 | @aCN@b110000 | |
| 105 | @ay z 000yy | |
| 106 | @ar | |
| 200 | 1 | @a计算机电路基础(第二版)实验与习题解答@9Ji Suan Ji Dian Lu Ji Chu ( Di Er Ban ) Shi Yan Yu Xi Ti Jie;Xie Da @f何超主编@b专著 |
| 210 | @a北京@c中国水利水电出版社@d2008 | |
| 215 | @a151页@d26cm | |
| 300 | @a普通高等教育“十一五”国家级规划教材配套参考书 | |
| 330 | @a共分两篇,第一篇为《计算机电路基础(第二版)》配套的实验指导书,第二篇为《计算机电路基础(第二版)》的习题解答,在广度和深度上拓展了教学内容。 | |
| 606 | 0 | @a电子计算机@x电子电路@x高等教育@j教学参考资料 |
| 690 | @aTP331@v4 | |
| 701 | 0 | @a何超@9he chao@c(电工技术)@4主编 |
| 801 | 0 | @aCN@b110120@c20071219 |
| 905 | @aBZT@dTP331@e1@f4@sTP331/1 | |
| 计算机电路基础(第二版)实验与习题解答/何超主编.-北京:中国水利水电出版社,2008 |
| 151页;26cm |
| 普通高等教育“十一五”国家级规划教材配套参考书 |
| ISBN 978-7-5084-4975-3:CNY16 |
| 共分两篇,第一篇为《计算机电路基础(第二版)》配套的实验指导书,第二篇为《计算机电路基础(第二版)》的习题解答,在广度和深度上拓展了教学内容。 |
| ● |
| 相关链接 |
|
|
|
正题名:计算机电路基础(第二版)实验与习题解答
索取号:TP331/1
 
预约/预借
| 序号 | 登录号 | 条形码 | 馆藏地/架位号 | 状态 | 备注 |
| 1 | 2000053937 | 2000053937 | 旧书回溯/ [索取号:TP331/1] | 在馆 | |
| 2 | 2000053945 | 2000053945 | 旧书回溯/ [索取号:TP331/1] | 在馆 | |
| 3 | 2000128063 | 2000128063 | 旧书回溯/ [索取号:TP331/1] | 在馆 | |
| 4 | 2000128064 | 2000128064 | 旧书回溯/ [索取号:TP331/1] | 在馆 |